| 000 | 00431nam a2200181Ia 4500 | ||
|---|---|---|---|
| 005 | 20250603145620.0 | ||
| 008 | 250603s9999 xx 000 0 und d | ||
| 020 | _a9788122502084 | ||
| 050 | _aJF 1351 .S53/ | ||
| 100 | _aSharma, M. P. | ||
| 245 | 0 | _aPublic administration in theory and practice | |
| 260 | _aNew Delhi | ||
| 260 | _bKitab Mahal | ||
| 260 | _c2013 | ||
| 300 | _a1132 p | ||
| 650 | _aNew Delhi | ||
| 942 | _cBK | ||
| 999 |
_c42357 _d42357 |
||